[Event "Guernsey Holiday"]
[Site "?"]
[Date "2008.10.21"]
[Round "3"]
[White "Randall, David Charles"]
[Black "Newell, David F"]
[Result "0-1"]
[WhiteElo "1576"]
[BlackElo "1632"]
[PlyCount "108"]
[EventDate "2008.10.19"]

1. e4 c5 2. Nc3 Nc6 3. f4 g6 4. Nf3 Bg7 5. g3 d6 6. Bg2 e6 7. O-O Nge7 8. d3
O-O 9. Be3 Nd4 10. Rb1 Rb8 11. Ne2 Nxf3+ 12. Bxf3 b6 13. g4 f5 14. exf5 exf5
15. g5 Bb7 16. Bxb7 Rxb7 17. h4 d5 18. Ng3 Nc6 19. Qf3 Re7 20. c3 Nd4 21. Bxd4
cxd4 22. Rfe1 Rxe1+ 23. Rxe1 dxc3 24. bxc3 Bxc3 25. Re6 Bd4+ 26. Kg2 Qd7 27.
Re2 Rc8 28. Nf1 Kf7 29. Nd2 Rc2 30. Nb3 Rxe2+ 31. Qxe2 Bc3 32. h5 Qe6 33. Qf3
Ke7 34. hxg6 hxg6 35. Qf2 Qe1 36. Qf3 Kd6 37. Qf2 Qxf2+ 38. Kxf2 d4 39. Ke2 Kc6
40. Kd1 b5 41. Kc2 a5 42. Nc1 a4 43. a3 Kc5 44. Na2 b4 45. axb4+ Bxb4 46. Nc1
Be1 47. Ne2 Bf2 48. Kb2 Kb4 49. Ka2 Be3 50. Kb2 Bf2 51. Ka2 a3 52. Ka1 Kb3 53.
Nc1+ Kc2 54. Na2 Be1 0-1

[Event "Guernsey Holiday"]
[Site "?"]
[Date "2008.10.21"]
[Round "3"]
[White "Jongerius, Marc"]
[Black "Beadle, JR.."]
[Result "1/2-1/2"]
[WhiteElo "1658"]
[BlackElo "1352"]
[PlyCount "40"]
[EventDate "2008.10.19"]

1. e4 c5 2. Nf3 d6 3. c3 g6 4. Be2 Bg7 5. O-O Nc6 6. Qc2 e5 7. Bb5 Nge7 8. d3
O-O 9. Be3 Bg4 10. Nbd2 Rc8 11. h3 Bxf3 12. Nxf3 h6 13. Qd2 Kh7 14. d4 cxd4 15.
cxd4 a6 16. Bxc6 Nxc6 17. d5 Ne7 18. Nh2 f5 19. exf5 Nxf5 20. g3 Nxe3 1/2-1/2

[Event "Guernsey Holiday"]
[Site "?"]
[Date "2008.10.21"]
[Round "3"]
[White "O'Connell, Denis"]
[Black "Wood, PC.."]
[Result "0-1"]
[WhiteElo "1586"]
[BlackElo "1664"]
[PlyCount "106"]
[EventDate "2008.10.19"]

1. e4 e6 2. Nf3 d5 3. Nc3 c5 4. exd5 exd5 5. Bb5+ Bd7 6. Qe2+ Ne7 7. Nxd5 Bxb5
8. Qxb5+ Nbc6 9. Nxe7 Qxe7+ 10. Qe2 Qxe2+ 11. Kxe2 Bd6 12. c3 O-O 13. d3 Rfe8+
14. Be3 Re6 15. Kd2 Rae8 16. Ng5 Rg6 17. Ne4 b6 18. Nxd6 Rxd6 19. Bf4 Rd7 20.
Rhe1 Red8 21. Re3 c4 22. Rae1 Rxd3+ 23. Rxd3 Rxd3+ 24. Kc2 Rd8 25. Re4 b5 26.
Bc7 Rc8 27. Bf4 f6 28. h4 h5 29. a4 a6 30. axb5 axb5 31. Bd6 Kf7 32. f3 Rd8 33.
Bf4 Rd7 34. g4 g6 35. gxh5 gxh5 36. Re2 Rd3 37. Re3 Rxe3 38. Bxe3 Ne5 39. f4
Ng6 40. Bf2 Nxf4 41. b3 Ke6 42. bxc4 bxc4 43. Kd2 Kf5 44. Ke3 Nd3 45. Bg1 Kg4
46. Kd4 Ne5 47. Ke4 Kxh4 48. Kf4 Ng4 49. Ke4 Kg3 50. Kd4 Kg2 51. Kxc4 Kxg1 52.
Kd4 h4 53. Ke4 h3 0-1

[Event "Guernsey Holiday"]
[Site "?"]
[Date "2008.10.21"]
[Round "3"]
[White "Norman, Dinah M"]
[Black "Foran, Barry"]
[Result "1-0"]
[WhiteElo "1656"]
[BlackElo "1310"]
[PlyCount "89"]
[EventDate "2008.10.19"]

1. Nf3 Nf6 2. d4 c6 3. c3 d5 4. Bf4 Qb6 5. Qb3 Qxb3 6. axb3 Na6 7. h3 e6 8. e3
c5 9. Nbd2 Be7 10. Be2 O-O 11. O-O Rd8 12. Rfc1 Bd6 13. Bxd6 Rxd6 14. Bxa6 bxa6
15. dxc5 Rc6 16. b4 Bb7 17. Nb3 Ne4 18. Na5 Rc7 19. Nxb7 Rxb7 20. Rxa6 Kf8 21.
Rca1 Ke7 22. Nd4 Kd8 23. Kf1 Nd2+ 24. Ke2 Nc4 25. b3 Ne5 26. f4 Ng6 27. g3 e5
28. Nc6+ Kc7 29. Nxe5 Nxe5 30. fxe5 Re8 31. Rxa7 Rxe5 32. Rxb7+ Kxb7 33. Rf1 f6
34. b5 Re8 35. Kd3 Ra8 36. b4 Ra2 37. g4 Rg2 38. Rf3 Rg1 39. Rf5 Rd1+ 40. Ke2
Rc1 41. Kd2 Rh1 42. Rxd5 Kc7 43. b6+ Kc8 44. c6 Rh2+ 45. Kd3 1-0

[Event "Guernsey Holiday"]
[Site "?"]
[Date "2008.10.21"]
[Round "3"]
[White "Foster, P.."]
[Black "Kearsley, Raymond J"]
[Result "1/2-1/2"]
[WhiteElo "1488"]
[BlackElo "1608"]
[PlyCount "89"]
[EventDate "2008.10.19"]

1. e4 c5 2. Nf3 e6 3. d4 cxd4 4. Nxd4 Nf6 5. Nc3 Bb4 6. f3 O-O 7. Bd2 Nc6 8.
Nxc6 dxc6 9. Bc4 b5 10. Bb3 Qb6 11. Qe2 Bc5 12. Nd1 a5 13. a4 Ba6 14. axb5 Bxb5
15. Bc4 Rfd8 16. Bxb5 cxb5 17. Be3 Rxd1+ 18. Rxd1 Bxe3 19. Rd3 Bc5 20. g3 Qc6
21. Kf1 b4 22. Kg2 g6 23. Rhd1 a4 24. h4 a3 25. bxa3 Rxa3 26. Rd8+ Kg7 27. Kh3
Re3 28. Qg2 e5 29. R8d3 Rxd3 30. Rxd3 h5 31. Rd8 Bd4 32. Qd2 Qc4 33. Kg2 Qa2
34. Qxb4 Qxc2+ 35. Kh3 Qc5 36. Qb1 Qb6 37. Qxb6 Bxb6 38. Rd6 Bd4 39. Rd8 Nh7
40. g4 hxg4+ 41. Kxg4 Nf6+ 42. Kh3 Nh5 43. Kg4 Nf6+ 44. Kh3 Nh5 45. Kg4 1/2-1/2

[Event "Guernsey Holiday"]
[Site "?"]
[Date "2008.10.21"]
[Round "3"]
[White "Dokter, Marike"]
[Black "Van Hoek, Wim J"]
[Result "1/2-1/2"]
[WhiteElo "1539"]
[BlackElo "1751"]
[PlyCount "74"]
[EventDate "2008.10.19"]

1. e4 e5 2. Nf3 Nc6 3. Bc4 Nf6 4. d3 h6 5. Nbd2 d6 6. c3 g6 7. h3 Bg7 8. O-O
O-O 9. Re1 a6 10. a3 d5 11. Ba2 b6 12. exd5 Nxd5 13. Nc4 Re8 14. Ne3 Nf4 15.
Bb1 f5 16. Nc4 Nd5 17. Bd2 b5 18. Ne3 Nf4 19. Bc1 Kh7 20. a4 b4 21. Nc4 Nd5 22.
Bd2 bxc3 23. bxc3 e4 24. dxe4 Nxc3 25. Qc2 Ne2+ 26. Rxe2 Bxa1 27. Bc3 Bxc3 28.
Qxc3 Rb8 29. Re1 f4 30. e5 Ne7 31. e6 Bxe6 32. Rxe6 Rxb1+ 33. Kh2 Nd5 34. Rxe8
Qxe8 35. Qd3 Qxa4 36. Qxd5 Qd1 37. Qf7+ Kh8 1/2-1/2

[Event "Guernsey Holiday"]
[Site "?"]
[Date "2008.10.21"]
[Round "3"]
[White "Hoogakker, Peter"]
[Black "Kirk, M.."]
[Result "1-0"]
[WhiteElo "1736"]
[BlackElo "1494"]
[PlyCount "83"]
[EventDate "2008.10.19"]

1. e4 c6 2. d4 d5 3. Nc3 dxe4 4. Nxe4 Bf5 5. Ng3 Bg6 6. h4 h6 7. h5 Bh7 8. f4
Qc7 9. Nf3 Nd7 10. Bd3 Bxd3 11. Qxd3 Ngf6 12. Ne5 Nxe5 13. fxe5 Nd5 14. Bd2 e6
15. Ne4 O-O-O 16. c3 Be7 17. O-O-O Qb6 18. Rhf1 f5 19. Nf2 c5 20. Kb1 Kb8 21.
g4 Rhf8 22. gxf5 Rxf5 23. Ng4 Rxh5 24. Qg6 Rh4 25. c4 Nb4 26. Qxg7 Bg5 27. Bxg5
hxg5 28. Nf6 Qc7 29. Qxg5 Rhxd4 30. Rxd4 cxd4 31. Ne4 Nd3 32. Nd6 Nxe5 33. c5
Nc6 34. Rf7 Qa5 35. Qg3 e5 36. Nxb7 Qd2 37. a3 Qd1+ 38. Ka2 Rh8 39. Na5 Qh5 40.
Nxc6+ Kc8 41. Qg7 Qh7 42. Rc7# 1-0

[Event "Guernsey Holiday"]
[Site "?"]
[Date "2008.10.21"]
[Round "3"]
[White "O'Connor, J.."]
[Black "Viviani, Mario"]
[Result "1/2-1/2"]
[WhiteElo "1580"]
[BlackElo "1733"]
[PlyCount "117"]
[EventDate "2008.10.19"]

1. e4 c6 2. d4 d5 3. Nc3 dxe4 4. Nxe4 Bf5 5. Ng3 Bg6 6. Nf3 Nf6 7. Bd3 e6 8.
O-O Bd6 9. Ne5 Bxd3 10. Qxd3 Nbd7 11. f4 Bb4 12. a3 Ba5 13. b4 Bc7 14. Bb2 Nxe5
15. fxe5 Nd5 16. c4 Ne7 17. Rad1 Ng6 18. Qf3 O-O 19. Qg4 f5 20. exf6 Rxf6 21.
Nh5 Rxf1+ 22. Rxf1 Qd6 23. Ng3 Rf8 24. Rxf8+ Kxf8 25. Qf3+ Kg8 26. c5 {(=)} Qd5
27. Ne4 Ne7 28. Qg4 Qf5 29. Qxf5 exf5 30. Nd6 b5 31. cxb6 axb6 32. Nc4 b5 33.
Ne5 g6 34. Kf2 Bxe5 35. dxe5 {(=)} Nd5 36. Kf3 Kf7 37. g4 Ke6 38. Bd4 g5 39. h3
Ne7 40. gxf5+ Kxf5 41. e6 h5 42. Be3 Ng6 43. Bc1 Ne5+ 44. Ke3 Kxe6 45. Ke4 g4
46. hxg4 hxg4 47. Bf4 Nc4 48. Bc1 g3 49. Kf3 Kd5 50. Kxg3 Kd4 51. Kf4 Kc3 52.
Ke4 Kc2 53. Bh6 Nd6+ 54. Kd4 Nb7 55. Bf8 Kb3 56. Be7 Kxa3 57. Kc3 Ka2 58. Kc2
Ka3 59. Kc3 1/2-1/2

[Event "Guernsey Holiday"]
[Site "?"]
[Date "2008.10.21"]
[Round "3"]
[White "Kershaw, Graham J"]
[Black "Nalichowski, Bogdan"]
[Result "1-0"]
[WhiteElo "1648"]
[BlackElo "1537"]
[PlyCount "74"]
[EventDate "2008.10.19"]

1. e4 e5 2. Nf3 Nc6 3. Bb5 Nf6 4. O-O Bc5 5. d3 O-O 6. Bxc6 dxc6 7. Nxe5 Qd6 8.
Bf4 Ng4 9. d4 Bxd4 10. Nd3 Qg6 11. c3 Bb6 12. Qf3 Be6 13. h3 Nf6 14. Re1 Rad8
15. Nd2 h6 16. Nf1 Rfe8 17. a3 a5 18. Ng3 h5 19. Rac1 Bxh3 20. gxh3 h4 21. Ne5
Rxe5 22. Bxe5 Rd2 23. Bd4 Rxd4 24. cxd4 Bxd4 25. Kg2 Bxb2 26. Rcd1 Be5 27. Rd8+
Kh7 28. Rf8 hxg3 29. fxg3 Bd6 30. Rb8 b6 31. e5 Bc5 32. exf6 Qxf6 33. a4 Qg6
34. Qe4 f6 35. Qh4+ Qh6 36. Qxh6+ Kxh6 37. Rh8+ Kg6 1-0

[Event "Guernsey Holiday"]
[Site "?"]
[Date "2008.10.21"]
[Round "3"]
[White "Finch, J Russell"]
[Black "Collins, Alan"]
[Result "1-0"]
[WhiteElo "1603"]
[BlackElo "1464"]
[PlyCount "47"]
[EventDate "2008.10.19"]

1. d4 f5 2. Nc3 e6 3. e4 fxe4 4. Nxe4 Be7 5. Bd3 d5 6. Ng3 Nf6 7. Bg5 Nbd7 8.
Qe2 Nf8 9. O-O-O c5 10. dxc5 Qa5 11. Kb1 Qxc5 12. f4 Ng8 13. Bxe7 Nxe7 14. Nh5
Kf7 15. Nf3 Neg6 16. Ng5+ Kg8 17. g4 h6 18. Nxe6 Bxe6 19. Bxg6 d4 20. f5 Bc4
21. Qf2 Rd8 22. Rhe1 Bf7 23. Bxf7+ Kxf7 24. f6 1-0

[Event "Guernsey Holiday"]
[Site "?"]
[Date "2008.10.21"]
[Round "3"]
[White "Grange, DA.."]
[Black "Timmerman, Peter"]
[Result "0-1"]
[WhiteElo "1400"]
[BlackElo "1598"]
[PlyCount "42"]
[EventDate "2008.10.19"]

1. e4 e5 2. Nf3 Nc6 3. d4 exd4 4. c3 Nf6 5. e5 Nd5 6. cxd4 Bb4+ 7. Nbd2 d6 8.
a3 Ba5 9. b4 Bb6 10. Nc4 Bg4 11. Nxb6 axb6 12. Bb2 O-O 13. Be2 Nf4 14. O-O Re8
15. Bb5 dxe5 16. Bxc6 e4 17. Bxe8 exf3 18. Bxf7+ Kxf7 19. g3 Ne2+ 20. Kh1 Qd5
21. Qd3 Bh3 0-1

[Event "Guernsey Holiday"]
[Site "?"]
[Date "2008.10.21"]
[Round "3"]
[White "Van Rooijen, Gerardus C"]
[Black "Newrick, William R"]
[Result "1/2-1/2"]
[WhiteElo "1593"]
[BlackElo "1347"]
[PlyCount "32"]
[EventDate "2008.10.19"]

1. d4 d5 2. c4 e5 3. dxe5 d4 4. Nf3 Bb4+ 5. Bd2 Nc6 6. a3 Bxd2+ 7. Nbxd2 Bf5 8.
Nb3 Qe7 9. Nbxd4 O-O-O 10. e3 Nxe5 11. Qb3 Nxf3+ 12. Nxf3 Nf6 13. Be2 Nd7 14.
Nd4 Be4 15. O-O h5 16. Bf3 Bxf3 1/2-1/2

[Event "Guernsey Holiday"]
[Site "?"]
[Date "2008.10.21"]
[Round "3"]
[White "Goman, Colin R"]
[Black "Cox, Marian"]
[Result "1-0"]
[WhiteElo "1590"]
[BlackElo "1192"]
[PlyCount "53"]
[EventDate "2008.10.19"]

1. d4 Nf6 2. Nf3 d5 3. c3 e6 4. Nbd2 Nbd7 5. Qc2 c5 6. e4 dxe4 7. Nxe4 cxd4 8.
Nxd4 Nxe4 9. Qxe4 Nf6 10. Bb5+ Nd7 11. O-O Be7 12. Re1 O-O 13. Nxe6 fxe6 14.
Qxe6+ Rf7 15. Bc4 Qf8 16. Qxe7 Nf6 17. Qxf8+ Kxf8 18. Bxf7 Kxf7 19. Be3 a6 20.
Rad1 Be6 21. a3 h5 22. h3 Rg8 23. Bd4 Nd5 24. Re5 Nf4 25. Rde1 Re8 26. R1e3 g6
27. Rf3 1-0

[Event "Guernsey Holiday"]
[Site "?"]
[Date "2008.10.21"]
[Round "3"]
[White "Bateman, Kerry D"]
[Black "Herschmann, Heinz"]
[Result "1-0"]
[WhiteElo "1588"]
[BlackElo "1320"]
[PlyCount "55"]
[EventDate "2008.10.19"]

1. e4 e5 2. Nf3 d6 3. Bc4 Be7 4. O-O Nf6 5. Nc3 O-O 6. d4 exd4 7. Nxd4 Bd7 8.
f4 Nc6 9. Be3 Nxd4 10. Bxd4 c5 11. Bf2 Bc6 12. Qe2 a6 13. a4 Qc7 14. e5 Nd7 15.
e6 Nf6 16. Rae1 Kh8 17. exf7 d5 18. Qxe7 Qxe7 19. Rxe7 dxc4 20. Bxc5 h6 21.
Rfe1 Kh7 22. Rc7 Nd7 23. Bxf8 Rxf8 24. Re7 Kg6 25. Rexd7 Bxd7 26. Rxd7 Rxf7 27.
Rxf7 Kxf7 28. Kf2 1-0

[Event "Guernsey Holiday"]
[Site "?"]
[Date "2008.10.21"]
[Round "3"]
[White "Le Messurier, R.."]
[Black "Bakkes, Frits"]
[Result "0-1"]
[WhiteElo "1210"]
[BlackElo "1587"]
[PlyCount "56"]
[EventDate "2008.10.19"]

1. e4 c5 2. Bc4 Nc6 3. Nf3 d6 4. d4 cxd4 5. Nxd4 Bd7 6. Nc3 Nf6 7. h3 Qa5 8.
Be3 Nxe4 9. O-O Nxc3 10. bxc3 Ne5 11. Be2 Qxc3 12. Rb1 Nc4 13. Qd3 Qxd3 14.
cxd3 Nxe3 15. fxe3 e5 16. Nb5 Bxb5 17. Rxb5 b6 18. a4 Be7 19. Bg4 O-O 20. d4
exd4 21. exd4 g6 22. Re1 Bh4 23. Re4 Rae8 24. Bf3 Rxe4 25. Bxe4 Re8 26. Bf3 Bg3
27. Rb1 Rc8 28. Rd1 Rc4 0-1

[Event "Guernsey Holiday"]
[Site "?"]
[Date "2008.10.21"]
[Round "3"]
[White "Stoop, Michael"]
[Black "Harnden, Terry W"]
[Result "0-1"]
[WhiteElo "1080"]
[BlackElo "1327"]
[PlyCount "44"]
[EventDate "2008.10.19"]

1. d4 Nf6 2. Nf3 e6 3. e3 g6 4. Bd3 Bg7 5. O-O O-O 6. Nbd2 d5 7. c3 Nbd7 8. e4
dxe4 9. Nxe4 Nxe4 10. Bxe4 Nf6 11. Qe2 Bd7 12. Bxb7 Rb8 13. Qa6 Nd5 14. Qxa7 c6
15. c4 Qb6 16. Qxb6 Nxb6 17. Bf4 Rxb7 18. b3 c5 19. Be5 Bxe5 20. dxe5 Bc6 21.
Nd2 Rd7 22. f4 Rxd2 0-1

[Event "Guernsey Holiday"]
[Site "?"]
[Date "2008.10.21"]
[Round "3"]
[White "Onwezen, Eric"]
[Black "Brooker, CH.."]
[Result "1/2-1/2"]
[WhiteElo "1621"]
[BlackElo "1670"]
[PlyCount "108"]
[EventDate "2008.10.19"]

1. e4 d5 2. exd5 Qxd5 3. d4 Nf6 4. Nc3 Qa5 5. Nf3 c6 6. Bf4 Bf5 7. Bc4 e6 8.
O-O Be7 9. Re1 Nbd7 10. Nh4 Bg6 11. Nxg6 hxg6 12. Qe2 Qf5 13. Bc7 Rc8 14. Bg3
Nh5 15. Bd3 Nxg3 16. fxg3 Qg5 17. Ne4 Qh6 18. h3 Nf6 19. Bc4 O-O 20. Rad1 Nd5
21. Bxd5 cxd5 22. Nf2 Qg5 23. Ng4 Bd6 24. Rd3 Rc7 25. c3 b5 26. Rf3 b4 27. Ref1
bxc3 28. bxc3 Qe7 29. Rb1 Rb7 30. Rb3 Rfb8 31. c4 dxc4 32. Qxc4 Rxb3 33. axb3
Qc7 34. Qd3 Qb6 35. Kh2 Qc7 36. Ne3 Rc8 37. Nc4 Rd8 38. Qe4 Be7 39. Ne5 Bf6 40.
Qf4 Qb6 41. Ng4 Qxd4 42. Nxf6+ Qxf6 43. Qxf6 gxf6 44. Rxf6 Kg7 45. Rf4 f6 46.
Ra4 Rd7 47. g4 e5 48. Ra2 Kf7 49. Kg3 Ke6 50. Ra6+ Ke7 51. b4 g5 52. Kf3 Rb7
53. Ra4 Rd7 54. Ra3 Kf7 1/2-1/2

[Event "Guernsey Holiday"]
[Site "?"]
[Date "2008.10.21"]
[Round "3"]
[White "Carrick, Peter"]
[Black "Le Maitre, Richard"]
[Result "1-0"]
[WhiteElo "1272"]
[BlackElo "1229"]
[PlyCount "113"]
[EventDate "2008.10.19"]

1. d4 Nf6 2. Nf3 g6 3. Nc3 Bg7 4. Rb1 d6 5. Bg5 O-O 6. e3 Nbd7 7. Be2 a6 8. O-O
Re8 9. Nd2 Rb8 10. a4 b6 11. f4 Bb7 12. Bf3 c5 13. d5 Nf8 14. e4 e5 15. fxe5
dxe5 16. Bg4 h6 17. Bh4 g5 18. Bg3 Bc8 19. Bf5 Qe7 20. h3 c4 21. Bf2 b5 22.
Bxc8 Rexc8 23. axb5 axb5 24. g4 Ng6 25. Ne2 b4 26. Ng3 Nf4 27. Kh2 b3 28. cxb3
Nd3 29. Nxc4 Nxf2 30. Rxf2 Qc5 31. Rd2 Qb4 32. Rd3 Nd7 33. Ra1 Nc5 34. Re3 Nxb3
35. Ra3 Nd4 36. b3 Bf8 37. Ra4 Qe7 38. Nd2 Qf6 39. Kg2 Bc5 40. Re1 Nxb3 41. Rf1
Qb6 42. Nxb3 Qxb3 43. Qxb3 Rxb3 44. Ra2 Rcb8 45. Re2 Rb2 46. Rxb2 Rxb2+ 47. Kh1
Be3 48. Rf3 Rb1+ 49. Rf1 Rb2 {(=)} 50. Nf5 Kh7 51. Nxe3 Rb3 52. Re1 Rd3 53. Kg1
Kg6 54. Kf2 Rd2+ 55. Re2 Rxe2+ 56. Kxe2 Kf6 57. Kd3 1-0

[Event "Guernsey Holiday"]
[Site "?"]
[Date "2008.10.21"]
[Round "3"]
[White "Spicer, J.."]
[Black "Brown, Jim"]
[Result "1-0"]
[WhiteElo "1288"]
[BlackElo "1088"]
[PlyCount "55"]
[EventDate "2008.10.19"]

1. e4 d6 2. d4 c6 3. Bc4 Nd7 4. f4 Qc7 5. Nf3 e5 6. c3 Ngf6 7. Bd3 Be7 8. O-O
O-O 9. f5 h6 10. Qe1 Nh7 11. Qg3 Kh8 12. h4 Rg8 13. Bc4 Rf8 14. Nh2 b5 15. Bb3
Bf6 16. Be3 Nb6 17. Nd2 Qd8 18. Ndf3 Nc4 19. Bxc4 bxc4 20. Ng4 Rg8 21. Nxf6
gxf6 22. Qf2 Qf8 23. Qd2 h5 24. Qe2 Qg7 25. Ne1 Qg4 26. Qxc4 Qxe4 27. Bf2 Qxg2+
28. Nxg2 1-0

[Event "Guernsey Holiday"]
[Site "?"]
[Date "2008.10.21"]
[Round "3"]
[White "Bennett, DW.."]
[Black "Cox, Reginald E"]
[Result "1/2-1/2"]
[WhiteElo "1136"]
[BlackElo "1088"]
[PlyCount "65"]
[EventDate "2008.10.19"]

1. Nf3 Nf6 2. d4 d5 3. Bf4 Nc6 4. e3 e6 5. Nbd2 Bd6 6. Bg5 h6 7. Bxf6 Qxf6 8.
Bb5 Bd7 9. O-O a6 10. Bxc6 Bxc6 11. Rc1 O-O 12. c4 dxc4 13. Nxc4 Bxf3 14. Qxf3
Qxf3 15. gxf3 Rac8 16. f4 f5 17. Kh1 Kh8 18. Rg1 Rg8 19. Rg2 b5 20. Na5 c5 21.
Nb7 Be7 22. dxc5 Rc7 23. c6 Rgc8 24. Na5 Bb4 25. Nb3 Rxc6 26. Rxc6 Rxc6 27. a3
Bc5 28. f3 Bxe3 29. Re2 Bxf4 30. Nd4 Rc1+ 31. Kg2 e5 32. Nxf5 g6 33. Ne7
1/2-1/2

[Event "Guernsey Holiday"]
[Site "?"]
[Date "2008.10.22"]
[Round "4"]
[White "Beadle, JR.."]
[Black "Hoogakker, Peter"]
[Result "1/2-1/2"]
[WhiteElo "1352"]
[BlackElo "1736"]
[PlyCount "42"]
[EventDate "2008.10.19"]

1. e4 e5 2. Nf3 d6 3. d4 Nf6 4. Nc3 Nbd7 5. dxe5 dxe5 6. Bc4 Bc5 7. O-O O-O 8.
Bg5 c6 9. a3 a5 10. Qe2 b5 11. Ba2 Ba6 12. Nb1 Qc7 13. Nbd2 h6 14. Be3 Bd6 15.
Nh4 Nc5 16. Nf5 Bc8 17. Nxd6 Qxd6 18. Rad1 Qe7 19. h3 Ncxe4 20. Nxe4 Nxe4 21.
Bxh6 Qh4 1/2-1/2

[Event "Guernsey Holiday"]
[Site "?"]
[Date "2008.10.22"]
[Round "4"]
[White "Kearsley, Raymond J"]
[Black "Goman, Colin R"]
[Result "0-1"]
[WhiteElo "1608"]
[BlackElo "1590"]
[PlyCount "86"]
[EventDate "2008.10.19"]

1. e4 d6 2. d4 Nf6 3. Nc3 g6 4. Nf3 Bg7 5. Bd3 O-O 6. O-O c5 7. d5 a5 8. h3 b6
9. Qe2 Na6 10. Bc4 Nc7 11. Rd1 Bb7 12. Bf4 Nd7 13. e5 dxe5 14. Nxe5 Nf6 15. Nc6
Bxc6 16. dxc6 Qc8 17. Qxe7 Nce8 18. c7 Qf5 19. Bh2 Qxc2 20. Rd8 Nxc7 21. Rxf8+
Rxf8 22. Bxc7 Qxb2 23. Rd1 Qxc3 24. Bb5 h6 25. Be5 Qc2 26. Rd8 Qb1+ 27. Kh2
Ng4+ 28. hxg4 Bxe5+ 29. g3 Rxd8 30. Qxd8+ Kg7 31. Qd7 Qxa2 32. Kg2 Bd4 33. Bc6
Qxf2+ 34. Kh3 Qf1+ 35. Bg2 Qf6 36. Qb7 c4 37. Qd5 c3 38. Qc4 Be5 39. Qb3 Bd4
40. Qc2 b5 41. Bd5 Qf1+ 42. Bg2 Qf6 43. Bd5 b4 0-1

[Event "Guernsey Holiday"]
[Site "?"]
[Date "2008.10.22"]
[Round "4"]
[White "Bakkes, Frits"]
[Black "Finch, J Russell"]
[Result "0-1"]
[WhiteElo "1587"]
[BlackElo "1603"]
[PlyCount "76"]
[EventDate "2008.10.19"]

1. d4 Nf6 2. Nc3 d5 3. e4 Nxe4 4. Nxe4 dxe4 5. f3 e5 6. Be3 exd4 7. Bxd4 Nc6 8.
Bc3 Qxd1+ 9. Rxd1 exf3 10. Nxf3 Bb4 11. Bxb4 Nxb4 12. c3 Nc6 13. Bc4 O-O 14.
O-O Bf5 15. Ng5 Bg6 16. Rd7 Ne5 17. Rxc7 Nxc4 18. Rxc4 Bd3 19. Rb4 Bxf1 20.
Kxf1 b6 21. Nf3 Rfe8 22. Nd4 Re4 23. Kf2 Rae8 24. Rb3 g6 25. Ra3 R8e7 26. Ra6
f5 27. a4 Kf7 28. a5 bxa5 29. Rxa5 h5 30. b4 h4 31. Ra2 Rf4+ 32. Nf3 g5 33. g3
Rg4 34. gxh4 gxh4 35. Nd4 h3 36. Kf3 Kf6 37. Ra6+ Kg5 38. Ra5 Rf4+ 0-1

[Event "Guernsey Holiday"]
[Site "?"]
[Date "2008.10.22"]
[Round "4"]
[White "Timmerman, Peter"]
[Black "Foster, P.."]
[Result "1/2-1/2"]
[WhiteElo "1598"]
[BlackElo "1488"]
[PlyCount "41"]
[EventDate "2008.10.19"]

1. e4 d5 2. exd5 Qxd5 3. Nc3 Qa5 4. d4 Nf6 5. Bc4 Bf5 6. Bd2 c6 7. Nge2 Nbd7 8.
O-O e6 9. Ng3 Bg6 10. Nce2 Qc7 11. Bf4 Bd6 12. Bxd6 Qxd6 13. Bd3 Bxd3 14. Qxd3
O-O 15. f3 e5 16. c3 exd4 17. Qxd4 Qxd4+ 18. Nxd4 Rfe8 19. Rfe1 Rxe1+ 20. Rxe1
Re8 21. Rxe8+ 1/2-1/2

[Event "Guernsey Holiday"]
[Site "?"]
[Date "2008.10.22"]
[Round "4"]
[White "Viviani, Mario"]
[Black "Randall, David Charles"]
[Result "1/2-1/2"]
[WhiteElo "1733"]
[BlackElo "1576"]
[PlyCount "130"]
[EventDate "2008.10.19"]

1. c4 e5 2. Nc3 d6 3. g3 f5 4. Bg2 Nf6 5. d3 Be7 6. Nf3 O-O 7. Nd5 Nxd5 8. cxd5
c5 9. Qb3 Kh8 10. h4 h6 11. Bd2 Qb6 12. Qc2 Na6 13. h5 Bd7 14. Nh4 Bxh4 15.
Rxh4 Qd8 16. O-O-O b5 17. Kb1 Nc7 18. f4 Qf6 19. fxe5 Qxe5 20. Bf4 Qf6 21. e4
a5 22. d4 fxe4 23. dxc5 Ne8 24. Rf1 dxc5 25. Qxc5 Rc8 26. Qe3 Nd6 27. Qb6 Qxb2+
28. Kxb2 Nc4+ 29. Kb3 Nxb6 30. Bxe4 a4+ 31. Kb2 Nc4+ 32. Ka1 Nd2 33. Re1 Nxe4
34. Rxe4 Rfe8 35. Rxe8+ Rxe8 36. Rh2 Kg8 37. Kb2 Bg4 38. d6 Kf7 39. Kc3 Re2 40.
Rh4 Bd7 41. a3 Ke6 42. Rh1 Kf7 43. Kd4 Ra2 44. Re1 Be6 45. Re3 Rc2 46. Rf3 Rc4+
47. Kd3 Ke8 48. Be5 Rg4 49. Bf4 g5 50. Be5 b4 51. Rf6 Bc4+ 52. Ke3 Bd5 53. d7+
Kd8 54. Kd2 Re4 55. Bb2 bxa3 56. Bxa3 Re6 57. Rxe6 Bxe6 58. Bf8 Kxd7 59. Bxh6
g4 60. Bg7 Ke7 61. h6 Kf7 62. Kc3 Kg6 63. Kd2 a3 64. Kc2 a2 65. Kb2 Kh7 1/2-1/2

[Event "Guernsey Holiday"]
[Site "?"]
[Date "2008.10.22"]
[Round "4"]
[White "Van Hoek, Wim J"]
[Black "O'Connor, J.."]
[Result "1-0"]
[WhiteElo "1751"]
[BlackElo "1580"]
[PlyCount "73"]
[EventDate "2008.10.19"]

1. e4 e5 2. Nf3 f5 3. exf5 e4 4. Qe2 d5 5. d3 Bxf5 6. Nd4 Qd7 7. dxe4 dxe4 8.
Nxf5 Qxf5 9. Nc3 Bb4 10. Bd2 Nc6 11. Qxe4+ Qxe4+ 12. Nxe4 O-O-O 13. O-O-O Nge7
14. Be2 Bxd2+ 15. Rxd2 Rxd2 16. Nxd2 Rf8 17. f3 Nd5 18. Bd3 Ne5 19. Be4 Nf6 20.
Re1 Re8 21. Kd1 c6 22. Bxh7 Nxh7 23. f4 Kd7 24. fxe5 Ke6 25. Nf3 Nf8 26. Re3
Ng6 27. g3 Kd5 28. Ke2 Nxe5 29. Rxe5+ Rxe5+ 30. Nxe5 Kxe5 31. Ke3 g5 32. h3 a5
33. a4 b5 34. b3 b4 35. h4 gxh4 36. gxh4 c5 37. Kd3 1-0

[Event "Guernsey Holiday"]
[Site "?"]
[Date "2008.10.22"]
[Round "4"]
[White "Harnden, Terry W"]
[Black "Van Rooijen, Gerardus C"]
[Result "1-0"]
[WhiteElo "1327"]
[BlackElo "1593"]
[PlyCount "84"]
[EventDate "2008.10.19"]

1. e4 c5 2. Nf3 d6 3. d4 cxd4 4. Nxd4 e6 5. Nc3 Nc6 6. Be3 Nf6 7. f3 Be7 8. Qd2
O-O 9. O-O-O a6 10. h4 Qc7 11. h5 Rd8 12. g4 d5 13. Nxc6 bxc6 14. Qf2 c5 15.
exd5 exd5 16. Nb1 d4 17. Bd2 Bb7 18. Rg1 Bd6 19. Bc4 Nd5 20. h6 g6 21. Bxd5
Bxd5 22. Rde1 Bf4 23. g5 Bxd2+ 24. Nxd2 Qf4 25. Qg3 {(=)} Qxg3 26. Rxg3 Re8 27.
Rxe8+ Rxe8 28. Kd1 Re3 29. a3 c4 30. Rg4 d3 31. Rd4 dxc2+ 32. Kxc2 Rd3 33. Rxd3
cxd3+ 34. Kxd3 Kf8 35. f4 Ke7 36. Ne4 Bxe4+ 37. Kxe4 Ke6 38. b4 Kd6 39. a4 Ke6
40. b5 axb5 41. axb5 Kd6 42. b6 Kc6 1-0

[Event "Guernsey Holiday"]
[Site "?"]
[Date "2008.10.22"]
[Round "4"]
[White "Newrick, William R"]
[Black "Bateman, Kerry D"]
[Result "1-0"]
[WhiteElo "1347"]
[BlackElo "1588"]
[PlyCount "53"]
[EventDate "2008.10.19"]

1. d4 Nf6 2. Nf3 c5 3. c3 cxd4 4. cxd4 d6 5. e3 g6 6. Be2 Bg7 7. O-O O-O 8. Nc3
a6 9. e4 Bg4 10. h3 Bxf3 11. Bxf3 b5 12. e5 dxe5 13. dxe5 Ra7 14. Qxd8 Rxd8 15.
exf6 Bxf6 16. Be3 Rad7 17. Rad1 b4 18. Rxd7 Rxd7 19. Na4 Bd4 20. Bxd4 Rxd4 21.
Rd1 Rxd1+ 22. Bxd1 Nd7 23. Be2 a5 24. Bb5 Nf6 25. Nc5 Nd5 26. a3 bxa3 27. bxa3
1-0

[Event "Guernsey Holiday"]
[Site "?"]
[Date "2008.10.22"]
[Round "4"]
[White "Carrick, Peter"]
[Black "O'Connell, Denis"]
[Result "0-1"]
[WhiteElo "1272"]
[BlackElo "1586"]
[PlyCount "64"]
[EventDate "2008.10.19"]

1. d4 e5 2. dxe5 d6 3. e4 Nc6 4. Bb5 Bd7 5. Nf3 dxe5 6. O-O Bd6 7. Nc3 Nf6 8.
b3 a6 9. Bxc6 Bxc6 10. Nd2 Qe7 11. Bb2 O-O-O 12. Qe2 g5 13. Nc4 Bc5 14. Rad1 h5
15. Rxd8+ Rxd8 16. h3 Qe6 17. Kh1 g4 18. Nd1 gxh3 19. Rg1 Bxe4 20. Nde3 hxg2+
21. Kh2 Bxe3 22. Nxe3 Ng4+ 23. Nxg4 Qxg4 24. Qxg4+ hxg4 25. Bxe5 Rd5 26. Bf6
Rh5+ 27. Kg3 Rh3+ 28. Kxg4 Rh1 29. f3 Rxg1 30. fxe4 Rf1 31. Bd4 g1=Q+ 32. Bxg1
Rxg1+ 0-1